UBT Library

Biochemistry / (Record no. 43444)

000 -LEADER
fixed length control field 00598nam a22002175a 4500
001 - CONTROL NUMBER
control field 35159
005 - DATE AND TIME OF LATEST TRANSACTION
control field 20180226055619.0
008 - FIXED-LENGTH DATA ELEMENTS--GENERAL INFORMATION
fixed length control field 910124t19901987nyu 000 0 eng
010 ## - LIBRARY OF CONGRESS CONTROL NUMBER
LC control number 91108677
020 ## - INTERNATIONAL STANDARD BOOK NUMBER
International Standard Book Number 0387963413
020 ## - INTERNATIONAL STANDARD BOOK NUMBER
International Standard Book Number 3540963413
040 ## - CATALOGING SOURCE
Original cataloging agency DLC
Transcribing agency DLC
041 ## - LANGUAGE CODE
Language code of text/sound track or separate title eng
080 ## - UNIVERSAL DECIMAL CLASSIFICATION NUMBER
Universal Decimal Classification number 577
100 ## - Rafti
Rafti 5
101 ## - Shkurtesa
Shkurtesa KIM
245 00 - TITLE STATEMENT
Title Biochemistry /
Statement of responsibility, etc edited by Thomas Briggs, Albert M. Chandler ; with contributions by Thomas Briggs ... [et al.].
906 ## - LOCAL DATA ELEMENT F, LDF (RLIN)
a 7
b ibc
c orignew
d 3
e ncip
f 19
g y-gencatlg
942 ## - ADDED ENTRY ELEMENTS (KOHA)
Source of classification or shelving scheme
Item type Books
Holdings
Withdrawn status Lost status Source of classification or shelving scheme Damaged status Not for loan Collection code Permanent location Current location Shelving location Date acquired Total Checkouts Full call number Barcode Date last seen Price effective from Koha item type
          Koleksioni i përgjithshem UBT - Lipjan UBT - Lipjan Koleksioni i përgjithshem 02/26/2018   577 LUB 002-3000020 02/26/2018 02/26/2018 Books
UBT Library © 2015-2024. All rights reserved University Education for Business and Technology